000 00445nam a2200181Ia 4500
008 210716s2004 xx 000 0 und d
020 _a8178811863
041 _aeng
082 _a658.87 SURK
100 _aSuresh, K.
245 _aRetailing: concepts and cases
_bConcepts and cases
250 _a1
260 _aHyderabad
_bThe ICFAI University
_c2004
300 _axiv,190
440 _v1
650 _aRetailing
700 _aSuresh, K.
999 _c199696
_d199696